000 00687nam a2200205Ia 4500
003 GCL
008 140319s9999 xx 000 0 ara d
040 _aGCL /
_cGCL
082 0 4 _a415.1
_bع ل
100 1 _aعبده الراجحى
245 1 0 _aاللهجات العربية فى القراءات القرآنية /
_cعبده الراجحى
260 _aالقاهرة :
_bدار المعرفة الجامعية ،
_c1996
300 _a276 ؛
_c24 سم
650 0 4 _aالبديع
650 0 4 _aعلوم القران
650 0 4 _aاللهجات العربية
650 0 4 _aعلم القراءات
650 0 4 _aاللغة العربية - البلاغة
942 _2ddc
_cBK
999 _c42090
_d42090